با ت سے با ت چلے : (Record no. 190943)
[ view plain ]
| 000 -LEADER | |
|---|---|
| fixed length control field | 00680nam a22001937a 4500 |
| 005 - DATE AND TIME OF LATEST TRANSACTION | |
| control field | 20220816110153.0 |
| 010 ## - LCCN (DPL NO) | |
| LC control number | UR-11670 |
| 020 ## - INTERNATIONAL STANDARD BOOK NUMBER | |
| International Standard Book Number | 9789393785190 |
| Terms of availability | 117.00 |
| 035 ## - SYSTEM CONTROL NUMBER | |
| System control number | U-10225 |
| 037 ## - SOURCE OF ACQUISITION | |
| Source of stock number/acquisition | DBAD/PUB |
| Stock number | - |
| 082 ## - DEWEY DECIMAL CLASSIFICATION NUMBER | |
| Classification number | 328 |
| 100 ## - MAIN ENTRY--PERSONAL NAME | |
| Personal name | صید یقی صا یم الد ین |
| 245 ## - TITLE STATEMENT | |
| Title | با ت سے با ت چلے : |
| Remainder of title | مجمو عہ رپور تاژ / |
| Statement of responsibility, etc | صید یقی صا یم الد ین |
| 246 ## - VARYING FORM OF TITLE | |
| Title proper/short title | Baat Sey Baat Chaley / |
| Remainder of title | by Siddiqui Saimuddin |
| 260 ## - PUBLICATION, DISTRIBUTION, ETC. (IMPRINT) | |
| Place of publication, distribution, etc | New Delhi |
| Name of publisher, distributor, etc | Educational Publishing House |
| Date of publication, distribution, etc | 2021 ء |
| 270 ## - ADDRESS | |
| Address | H.O. D1/16, Ansari Road, Darya Ganj |
| City | New Delhi |
| Postal code | 110002 |
| 300 ## - PHYSICAL DESCRIPTION | |
| Extent | 176 ص |
| Dimensions | 23cm(Hb) |
| 942 ## - ADDED ENTRY ELEMENTS (KOHA) | |
| Source of classification or shelving scheme | Dewey Decimal Classification |
| Item type | Urdu Bks |
| Classification part | 328 |
| Call number suffix | ص ی د |
| Withdrawn status | Lost status | Not for loan | Collection code | Home library | Current library | Date acquired | Source of acquisition | Cost, normal purchase price | Full call number | Barcode | Copy number | Cost, replacement price | Koha item type |
|---|---|---|---|---|---|---|---|---|---|---|---|---|---|
| Non-fiction | Central Library | Central Library | 16/08/2022 | DBAD/PUB | 117.00 | 328 ص ی د | U-10225 | 1 | 117.00 | Urdu Bks |
